| 000 | 00525nam a22001817a 4500 | ||
|---|---|---|---|
| 008 | 220822b |||||||| |||| 00| 0 eng d | ||
| 020 | _a0801066221 | ||
| 050 |
_aBV652.25 _b.H83 2007 |
||
| 100 | _aHull, Bill | ||
| 245 |
_aThe disciple-making pastor : _bLeading others on the journey of faith/ _cBill Hull |
||
| 250 | _aRevised and expanded ed. | ||
| 260 |
_aGrand Rapids _bBakerBooks _c2007 |
||
| 300 | _a317p. | ||
| 650 | _aChurch growth | ||
| 650 | _aPastoral theology | ||
| 650 | _aClergy- office | ||
| 942 |
_2lcc _cBK |
||
| 999 |
_c19453 _d19452 |
||